Pedagogické dielo Samuela Tešedíka
| Other Authors: | , , , |
|---|---|
| Format: | Book |
| Language: | Slovak Hungarian German |
| PhysicalDescription: | 171 strán, [9] strán obrazových príloh fotografie, ilustrácie, portréty 20 cm |
| Published: |
Bratislava
Slovenské pedagogické nakladateľstvo
1959
|
| Edition: | 1. vyd. |
| Series: | Zo slovenskej pedagogickej minulosti
|
| Subjects: |
MARC
| LEADER | 00000cam a2200000 a 4500 | ||
|---|---|---|---|
| 001 | vtls001288894 | ||
| 003 | SK-MaSNL | ||
| 005 | 20260426004322.0 | ||
| 008 | 240226s1959 xo oac g h 000 0dslo | ||
| 015 | |a SNBA1959 | ||
| 020 | |q (viazané) | ||
| 035 | |a SNK000240509 | ||
| 035 | |a urn:nbn:sk:snk-am3i8te | ||
| 035 | |a F7ABDDAB-4F9F-441D-BEF7-C820E47DAE78 | ||
| 035 | |a urn:nbn:sk:snk-am00dxpx | ||
| 040 | |a SNK |b slo |c SNK |e AACR2 | ||
| 041 | 1 | |a slo |h hun |h ger | |
| 043 | |a e-xo--- | ||
| 044 | |a xo |c SK | ||
| 072 | 7 | |a 929 |x Biografie |2 konspekt | |
| 080 | |a 37.011.3-051 |2 2011 | ||
| 080 | |a (437.6) |2 2011 | ||
| 080 | |a 929(092) |2 2011 | ||
| 245 | 0 | 0 | |a Pedagogické dielo Samuela Tešedíka |c [z maďarčiny a nemčiny preložili: Štefan Kovács a František Konický ; úvodnú štúdiu a poznámky napísal Juraj Čečetka ; rediguje Ľudovít Bakoš] |
| 250 | |a 1. vyd. | ||
| 260 | |a Bratislava |b Slovenské pedagogické nakladateľstvo |c 1959 | ||
| 300 | |a 171 strán, [9] strán obrazových príloh |b fotografie, ilustrácie, portréty |c 20 cm | ||
| 366 | |e 1800 kusov | ||
| 490 | 1 | |a Zo slovenskej pedagogickej minulosti |v zv. 3 | |
| 500 | |a Obsahuje poznámky ; poznámky pod čiarou | ||
| 500 | |a Preložené z maďarčiny a nemčiny | ||
| 600 | 1 | 7 | |a Tešedík, Samuel, |d 1742-1820 |2 SNKMA |9 37663 |
| 650 | 0 | 7 | |a pedagógovia |2 SNKPH |9 18561 |
| 650 | 0 | 7 | |a Educationalists |2 SNKPHeng |9 281675 |
| 651 | 7 | |a Slovensko |2 SNKPHgeo |9 14231 | |
| 651 | 7 | |a Slovakia |2 SNKPHeng |9 92630 | |
| 655 | 7 | |a biografie |2 SNKPH |9 27965 | |
| 655 | 7 | |a Biography |2 SNKPHeng |9 266314 | |
| 700 | 1 | |a Bakoš, Ľudovít, |d 1919-1974 |4 edt |9 107760 | |
| 700 | 1 | |a Kovács, Štefan |4 trl |9 10212 | |
| 700 | 1 | |a Konický, František |4 trl |9 201050 | |
| 700 | 1 | |a Čečetka, Juraj, |d 1907-1983 |4 aui |4 cwt |9 38387 | |
| 830 | 0 | |a Zo slovenskej pedagogickej minulosti |9 386651 | |
| 852 | |a Slovenská národná knižnica | ||
| 954 | |a odborná, vedecká literatúra cudzojazyčná (svetová) |2 lita | ||
| 958 | |a TL | ||
| 958 | |a OND | ||
| 958 | |a SP | ||
| 958 | |a BX | ||
| 958 | |a DE | ||
| 958 | |a HU | ||
| 958 | |a OP | ||
| 958 | |a EUIPO | ||
| 999 | |c 972539 |d 974469 | ||
| 952 | |t P60, <04>, [BOOK], {604} |a SNK |b SNK |y VYP |7 0 |p 17A0068820 |o snkSC 13136 D1 |0 0 |1 0 |4 0 |d 1997-05-30 |l 0 |r 2005-01-02 00:00:00 |w 2026-02-24 | ||
| 952 | |a SNK |b SNK |y PREZ |7 0 |p 17A0845001 |o snkSC 13136 |i snkKSP 1879/59 |0 0 |1 0 |4 0 |d 2020-02-06 |f 1 |l 0 |r 2025-07-16 00:00:00 |w 2026-02-24 | ||


